Tilastot visalle Sanat - "Joulu, joulu tullut on"

Klikkaa tästä pelataksesi tätä visaa!

Yleistilastot

  • Tätä visaa on pelattu 6 kertaa
  • Keskiarvotulos 29 / 63

Vastaustilastot

Vastaus% Oikein
Joulu
100%
joulu
100%
on
100%
on
100%
on
100%
on
100%
tullut
100%
tullut
100%
tullut
100%
armahainen
75%
juhla
75%
riemu
75%
siitä
75%
antimista
50%
autuainen
50%
hyvän
50%
ilo
50%
Isää
50%
Jeesus
50%
Jeesus
50%
Jeesus
50%
Jumalaa
50%
kaiken
50%
Kiittäkäämme
50%
parhain
50%
Rauha
50%
rauha
50%
taivaallista
50%
varhain
50%
verraton
50%
ystävämme
50%
ainiaan
25%
armons
25%
hän
25%
henki
25%
Herran
25%
jakajaa
25%
joulurauhaa
25%
kerran
25%
kotimaan
25%
kun
25%
levossa
25%
maailma
25%
meidät
25%
meit
25%
myrskyisenä
25%
nauttii
25%
oikeahan
25%
päivän
25%
pauhaa
25%
pyhä
25%
saavutamme
25%
taivaallisen
25%
uskohon
25%
vahvistaa
25%
vaikka
25%
vainen
25%
valohon
25%
vei
25%
yhä
25%
yöstä
25%
matkaoppahamme
0%
sydäntemme
0%

Tulosjakauma

Persentiili vastausten määrän mukaan

Jokaisen tuloksen saaneiden osuus

Tuloshistoriasi

Et ole pelannut tätä visaa